| 000 | 00478nam a22001817a 4500 | ||
|---|---|---|---|
| 003 | CEME | ||
| 005 | 20210628202528.0 | ||
| 008 | 210122b xxu||||| |||| 00| 0 eng d | ||
| 020 | _a81-204-0529-3 | ||
| 040 | _c. | ||
| 082 | _a658.5 PRO | ||
| 100 |
_aProkopenko, Joseph _912541 |
||
| 245 | _aProductivity management, a practical handbook | ||
| 260 |
_aNEW DELHI _bOXFORD & IBH _c1999 |
||
| 300 | _aXIV,287P | ||
| 650 |
_aPRODUCTIVITY MANAGEMENT _960361 |
||
| 942 |
_cBK _2ddc |
||
| 999 |
_c570104 _d570104 |
||